Acta Mathematica Universitatis Comenianae 1991

Na minha lista:
Detalhes bibliográficos
Formato: Livro
Idioma:eslovaco
Publicado em: Bratislava Comenius University Press 1991
Edição:1. vyd.
Tags: Adicionar Tag
Sem tags, seja o primeiro a adicionar uma tag!

MARC

LEADER 00000nam a2200000 4500
001 c030784
005 20250701084553.0
041 0 |a slo 
044 |a SK 
245 1 0 |a Acta Mathematica Universitatis Comenianae 1991 
250 |a 1. vyd. 
264 1 |a Bratislava  |b Comenius University Press  |c 1991 
300 |a 158 s.